| 000 | 00627nam a2200205Ia 4500 | ||
|---|---|---|---|
| 001 | 12929 | ||
| 003 | GE_BSU | ||
| 008 | 181216s||||||||xx |||||||||||||| ||und|| | ||
| 040 | _cGE_BSU | ||
| 080 | _a631.8(035) | ||
| 245 | _aСправочник агрохимика | ||
| 245 | _cСост-ль справочника Д.А.Кореньков. Ред.Л.А.Бородкина | ||
| 250 | _a2-ое дополн.и перераб. | ||
| 260 | _aМосква | ||
| 260 | _bРоссельхозиздат | ||
| 260 | _c1980 | ||
| 300 | _a286стр.20см. | ||
| 653 | _aСправочник агрохимика | ||
| 942 | _cBK | ||
| 999 |
_c46098 _d46098 |
||